Filozofia nemôže hľadať výhovorky hovoríme s filozofom Miroslavom Marcellim

Bibliographic Details
Other Authors: Chmelár, Eduard, 1971- (Interviewer)
Format: Article
Language:Slovak
PhysicalDescription:Fotogr. 1
ISSN:1210-1982
Subjects:

MARC

LEADER 00000nab a2200000 a 4500
001 vtls000588098
003 SK-MaSNL
005 20260303173318.0
008 160202c1996 xo 0 slo
015 |a SNBRB19rr/mm-uuuuu 
035 |a CL0588237 
040 |a SNKBUCL  |b slo  |c SNKBUCL  |e AACR2 
041 0 |a slo 
044 |a xo  |c SK 
080 |a 101.9  |2 1981 
100 1 |a Marcelli, Miroslav,  |d 1947-  |4 ive  |9 228613 
245 1 0 |a Filozofia nemôže hľadať výhovorky  |b hovoríme s filozofom Miroslavom Marcellim  |c Miroslav Marcelli, Eduard Chmelár 
300 |b Fotogr. 1 
600 1 7 |a Marcelli, Miroslav,  |d 1947-  |2 snkbucl  |9 228613 
655 7 |a rozhovory  |2 snkbucl  |9 31831 
655 7 |a články z novín a časopisov  |2 snkbucl  |9 267496 
700 1 |a Chmelár, Eduard,  |d 1971-  |4 ivr  |9 92992 
773 0 |t Knižná revue  |g Roč. 6, č. 9 (1996), s. 12  |x 1210-1982 
850 |a Slovenská národná knižnica v Martine  |a MTA001 
852 |a SNK  |b KIS3GCP 
958 |a RK 
958 |a SK 
992 |a RBX 
999 |c 2091981  |d 2093911